000 00557cam a22002053a 4500
001 41381
003 PGUSA
005 20140828083930.0
008 121117s2012||||xxu|||||s|||||000 | eng d
040 _aPGUSA
_beng
042 _adc
100 1 _aSeelye, Edward E.
245 1 0 _aBible Emblems
_h[electronic resource] /
_cEdward E. Seelye
260 _bProject Gutenberg,
_c2012
506 _aPublic domain in the USA.
516 _aElectronic text
830 0 _aProject Gutenberg
_v41381
856 4 0 _uhttp://www.gutenberg.org/ebooks/41381
942 _cEB
999 _c270633
_d270633